|
|
|
|
| LEADER |
02057nam a22003974a 4500 |
| 001 |
39368 |
| 003 |
BD-DhAAL |
| 008 |
220821r20192012nyua b 001 0 eng d |
| 010 |
|
|
|a 2007043509
|
| 020 |
|
|
|a 9780071077903
|
| 020 |
|
|
|a 0071077901
|
| 040 |
|
|
|a DLC
|c DLC
|d DLC
|d BD-DhAAL
|
| 050 |
0 |
0 |
|a HF1017
|b .A26 2009
|
| 082 |
0 |
0 |
|a 519.5
|2 22
|
| 245 |
1 |
0 |
|a Complete business statistics /
|c Amir D. Aczel ... [et al.].
|
| 250 |
|
|
|a Seventh edition.
|
| 260 |
|
|
|a Boston :
|b McGraw-Hill,
|c c2012 [reprinted 2019].
|
| 300 |
|
|
|a xxvii, 960 pages :
|b color illustrations ;
|c 28 cm +
|e 1 CD-ROM (4 3/4 in.)
|
| 504 |
|
|
|a Includes bibliographical references and index.
|
| 526 |
|
|
|a ESS
|
| 538 |
|
|
|a Systems requirements for accompanying disc: PC Pentilum Based Processor, Microsoft Windows 2000/XP/Vista, Microsoft Internet Explorer 5.5 as Default Browser, Microsoft Office or Equivalent.
|
| 541 |
|
|
|a Book Finder International
|e 39368, 39369
|
| 650 |
|
0 |
|a Commercial statistics.
|9 50943
|
| 650 |
|
0 |
|a Statistics.
|9 50944
|
| 650 |
|
0 |
|a Economics.
|9 50945
|
| 700 |
1 |
|
|a Aczel, Amir D.
|9 50946
|
| 700 |
1 |
|
|a Sounderpandian, Jayavel.
|9 50947
|
| 700 |
1 |
|
|a Saravanan, Palanisamy
|9 50948
|
| 700 |
1 |
|
|a Joshi, Rohit
|9 50949
|
| 852 |
|
|
|a Ayesha Abed Library
|c General Stacks
|
| 942 |
|
|
|2 ddc
|c BK
|
| 999 |
|
|
|c 44099
|d 44099
|
| 952 |
|
|
|0 0
|1 0
|2 ddc
|4 0
|6 519_500000000000000_COM
|7 0
|9 71366
|a BRACUL
|b BRACUL
|c GEN
|d 2022-07-28
|e Book Finder International
|g 1207.28
|l 0
|o 519.5 COM
|p 3010039368
|r 2022-07-28
|t 1
|v 1207.28
|w 2022-07-28
|y BK
|
| 952 |
|
|
|0 0
|1 0
|2 ddc
|4 0
|6 519_500000000000000_COM
|7 0
|9 71367
|a BRACUL
|b BRACUL
|c GEN
|d 2022-07-28
|e Book Finder International
|g 1207.28
|l 0
|o 519.5 COM
|p 3010039369
|r 2022-07-28
|t 2
|v 1207.28
|w 2022-07-28
|y BK
|
| 952 |
|
|
|0 0
|1 0
|2 ddc
|4 0
|6 519_500000000000000_COM
|7 0
|9 71702
|a BRACUL
|b BRACUL
|c AV
|d 2022-08-21
|e Book Finder International
|l 0
|o 519.5 COM
|p 4010039368
|r 2022-08-21
|t 1
|w 2022-08-21
|y AV
|
| 952 |
|
|
|0 0
|1 0
|2 ddc
|4 0
|6 519_500000000000000_COM
|7 0
|9 71703
|a BRACUL
|b BRACUL
|c AV
|d 2022-08-21
|e Book Finder International
|l 0
|o 519.5 COM
|p 4010039369
|r 2022-08-21
|t 2
|w 2022-08-21
|y AV
|